Normal view MARC view

Entry Personal Name

Number of records used in: 1

001 - CONTROL NUMBER

  • control field: 50806

003 - CONTROL NUMBER IDENTIFIER

  • control field: OSt

005 - DATE AND TIME OF LATEST TRANSACTION

  • control field: 20250224163050.0

008 - FIXED-LENGTH DATA ELEMENTS

  • fixed length control field: 250224|| aca||aabn | a|a d

040 ## - CATALOGING SOURCE

  • Original cataloging agency: OSt
  • Transcribing agency: OSt

100 ## - HEADING--PERSONAL NAME

  • Personal name: Díaz, Martina Yopo and Abufhele, Alejandra

670 ## - SOURCE DATA FOUND

  • Source citation: Work cat.: (OSt)525589: Díaz, Martina Yopo and Abufhele, Alejandra , Beyond early motherhood: Trends and determinants of late fertility in Chile

Powered by Koha